Every Playable Fire Emblem Character Quiz - Statistics

General Stats
  • This quiz has been taken 32 times
    17 since last reset
  • The average score is 281 of 650
Answer Stats
Game Origins Name Starting Class % Correct
Fire Emblem: Path of Radiance Ike Ranger
86%
Fire Emblem: Shadow Dragon and the Blade of Light Marth Lord
86%
Caeda Pegasus Knight
79%
Celica Priestess
79%
Claud High Priest
79%
Hilda Noble
79%
Fire Emblem: The Blazing Blade Lyn Lord
79%
Abel Cavalier
71%
Fire Emblem Gaiden Alm Fighter
71%
Cain Cavalier | Lance Knight
71%
Catria Pegasus Knight
71%
Cord Fighter
71%
Fire Emblem Fates Corrin Nohr Prince / Princess
71%
Eliwood Lord
71%
Est Pegasus Knight
71%
Fire Emblem Echoes: Shadows of Valentia Faye Villager
71%
Florina Pegasus Knight
71%
Genny Cleric
71%
Gray Villager
71%
Hector Lord
71%
Leo Dark Knight
71%
Leon Archer
71%
Mae Mage
71%
Palla Pegasus Knight
71%
Fire Emblem: Genealogy of the Holy War Sigurd Knight Lord
71%
Tiki Manakete
71%
Barst Fighter
64%
Boey Mage
64%
Fire Emblem: Three Houses Byleth Commoner
64%
Camilla Malig Knight
64%
Cath Thief
64%
Fire Emblem: The Sacred Stones Eirika Lord
64%
Elise Troubadour
64%
Fae Manakete
64%
Fiora Pegasus Knight
64%
Gordin Archer
64%
Jagen Paladin
64%
Kana Nohr Prince / Princess
64%
Kent Cavalier
64%
Fire Emblem: New Mystery of the Emblem Kris Multiple Classes
64%
Leif Prince
64%
Leonie Commoner
64%
Lorenz General | Noble
64%
Lucina Lord
64%
Lukas Soldier
64%
Maria Curate
64%
Fire Emblem: Radiant Dawn Micaiah Light Mage
64%
Niles Outlaw
64%
Nils Bard
64%
Ninian Dancer
64%
Robin Tactician
64%
Fire Emblem: The Binding Blade Roy Lord
64%
Saber Mercenary
64%
Sain Cavalier
64%
Sakura Shrine Maiden
64%
Silque Cleric
64%
Soren Mage
64%
Sylvain Noble
64%
Takumi Archer
64%
Titania Paladin
64%
Tobin Villager
64%
Xander Paladin
64%
Anna Trickster
57%
Annette Noble
57%
Arthur Fighter | Mage
57%
Azura Songstress
57%
Bartre Warrior
57%
Bord Fighter
57%
Catherine Swordmaster
57%
Fire Emblem: Mystery of the Emblem Cecil Cavalier
57%
Cecilia Valkyrie
57%
Céline Noble
57%
Fire Emblem Awakening Chrom Lord
57%
Clair Pegasus Knight
57%
Claude Noble
57%
Dedue Commoner
57%
Delthea Witch
57%
Dimitri Noble
57%
Donnel Villager
57%
Dorothea Commoner
57%
Edelgard Noble
57%
Ephraim Lord
57%
Farina Pegasus Knight
57%
Felicia Maid
57%
Ferdinand Noble
57%
Fir Myrmidon
57%
Flayn Priest
57%
Hinoka Sky Knight
57%
Ingrid Noble
57%
Ivy Wing Tamer
57%
Jakob Butler
57%
Julia Light Priestess
57%
Kliff Villager
57%
Lena Curate
57%
Lilina Mage
57%
Louis Lance Armor
57%
Lucia Swordmaster
57%
Lugh Mage
57%
Luthier Mage
57%
Mathilda Paladin
57%
Mercedes Commoner
57%
Navarre Mercenary
57%
Ogma Mercenary
57%
Python Archer
57%
Raigh Shaman
57%
Renault Bishop
57%
Ryoma Swordmaster
57%
Saizo Ninja
57%
Seliph Junior Lord
57%
Seteth Wyvern Rider
57%
Seth Paladin
57%
Shamir Sniper
57%
Silas Cavalier
57%
Sonya Witch
57%
Tharja Dark Mage
57%
Wil Archer
57%
Alcryst Lord
50%
Fire Emblem Engage Alear Dragon Child
50%
Alfred Noble
50%
Alois Warrior
50%
Ashe Commoner
50%
Athos Archsage
50%
Atlas Villager
50%
Ayra Myrmidon
50%
Azama Monk
50%
Balthus Noble
50%
Benny Knight
50%
Bernadetta Noble
50%
Boucheron Axe Fighter
50%
Brigid Sniper
50%
Caeldori Sky Knight
50%
Canas Shaman
50%
Caspar Noble
50%
Chad Thief
50%
Charlot Priest
50%
Charlotte Fighter
50%
Clarisse Sniper
50%
Conrad Paladin
50%
Constance Noble
50%
Cordelia Pegasus Knight
50%
Darros Pirate
50%
Dart Pirate
50%
Diamant Lord
50%
Dorcas Fighter
50%
Dwyer Troubadour
50%
Effie Knight
50%
Erk Mage
50%
Ethlyn Troubadour
50%
Felix Noble
50%
Finn Lance Knight
50%
Flora Maid
50%
Fogado Sentinel
50%
Forsyth Soldier
50%
Fred Paladin
50%
Frederick Great Knight
50%
Gaius Thief
50%
Gerome Wyvern Rider
50%
Gonzalez Brigand
50%
Guy Myrmidon
50%
Haar Wyvern Lord
50%
Hana Samurai
50%
Hanneman Mage
50%
Hapi Commoner
50%
Hardin Cavalier
50%
Hawk Sage
50%
Hawkeye Berserker
50%
Heath Wyvern Rider
50%
Hinata Samurai
50%
Hortensia Wing Tamer
50%
Hubert Noble
50%
Ignatz Commoner
50%
Inigo Mercenary
50%
Izana Onmyoji
50%
Jade Axe Armor
50%
Jaffar Assassin
50%
Jill Wyvern Rider
50%
Julian Thief
50%
Kaden Kitsune
50%
Kagero Ninja
50%
Kamui Mercenary
50%
Karel Swordmaster
50%
Karla Swordmaster
50%
Katarina Sage
50%
Kaze Ninja
50%
Lapis Sword Fighter
50%
Laurent Mage
50%
Legault Thief
50%
Lewyn Bard
50%
Lex Axe Knight
50%
Linde Mage
50%
Linhardt Noble
50%
Lissa Cleric
50%
Louise Sniper
50%
Lucius Monk
50%
Lysithea Noble
50%
Manuela Priest
50%
Marcus Paladin
50%
Marianne Noble
50%
Matthew Thief
50%
Meg Armor Sword
50%
Melady Wyvern Rider
50%
Merric Mage
50%
Merrin Wolf Knight
50%
Midori Apothecary
50%
Minerva Dracoknight
50%
Miriel Mage
50%
Mist Cleric
50%
Mozu Villager
50%
Myrrh Manakete
50%
Nah Manakete
50%
Neimi Archer
50%
Nino Mage
50%
Nowi Manakete
50%
Nyx Dark Mage
50%
Oswin Knight
50%
Owain Myrmidon
50%
Panne Taguel
50%
Pent Sage
50%
Perceval Paladin
50%
Percy Wyvern Rider
50%
Peri Cavalier
50%
Petra Commoner
50%
Phina Dancer
50%
Quan Duke Knight
50%
Ranulf Cat
50%
Raphael Commoner
50%
Rath Nomad
50%
Rebecca Archer
50%
Reina Kinshi Knight
50%
Rhajat Diviner
50%
Rhea Saint
50%
Rolf Archer
50%
Rutger Myrmidon
50%
Saul Priest
50%
Scarlet Wyvern Lord
50%
Scáthach Myrmidon
50%
Selena Mage Knight
50%
Selkie Kitsune
50%
Serra Cleric
50%
Fire Emblem Warriors: Three Hopes Shez Myrmidon
50%
Shigure Sky Knight
50%
Shura Adventurer
50%
Silvia Dancer
50%
Sin Nomad
50%
Sophie Cavalier
50%
Sothe Thief
50%
Subaki Sky Knight
50%
Sue Nomad
50%
Tailtiu Thunder Mage
50%
Tatiana Saint
50%
Vaike Fighter
50%
Valbar Knight
50%
Veyle Fell Child
50%
Virion Archer
50%
Wallace Knight
50%
Wolf Horseman
50%
Wolt Archer
50%
Wrys Curate
50%
Yarne Taguel
50%
Yunaka Thief
50%
Yuri Commoner
50%
Alen Cavalier
43%
Amber Lance Cavalier
43%
Amelia Recruit
43%
Arden Sword Armor
43%
Artur Monk
43%
Asugi Ninja
43%
Azelle Mage
43%
Basilio Warrior
43%
Beruka Wyvern Rider
43%
Bors Knight
43%
Boyd Fighter
43%
Camus Gold Knight
43%
Ced Sage
43%
Cherche Wyvern Rider
43%
Chloé Lance Flier
43%
Citrinne Mage
43%
Clarine Troubadour
43%
Clive Cavalier
43%
Colm Thief
43%
Cynthia Pegasus Knight
43%
Cyril Commoner
43%
Deen Myrmidon
43%
Deirdre Light Priestess
43%
Dieck Mercenary
43%
Dorothy Archer
43%
Dozla Berserker
43%
Duessel Great Knight
43%
Echidna Hero
43%
Elen Priest
43%
Elice Curate
43%
Elincia Princess Crimea
43%
Emmeryn Sage
43%
Erinys Pegasus Knight
43%
Etie Archer
43%
Ewan Pupil
43%
Fee Pegasus Knight
43%
Fernand Cavalier
43%
Fiona Lance Knight
43%
Flavia Hero
43%
Forrest Troubadour
43%
Franz Cavalier
43%
Fuga Master of Arms
43%
Galzus Hero
43%
Gangrel Trickster
43%
Garcia Fighter
43%
Gatekeeper Soldier
43%
Gatrie Knight
43%
Geoffrey Paladin
43%
Gerik Mercenary
43%
Gilbert Fortress Knight
43%
Gilliam Knight
43%
Goldmary Hero
43%
Gregor Mercenary
43%
Gunter Great Knight
43%
Gwendolyn Knight
43%
Heather Rogue
43%
Henry Dark Mage
43%
Hisame Samurai
43%
Holst Swordmaster
43%
Hugh Mage
43%
Ignatius Knight
43%
Igrene Sniper
43%
Ilyana Mage
43%
Innes Sniper
43%
Isadora Paladin
43%
Jeorge Sniper
43%
Jeralt Holy Knight
43%
Jeritza Death Knight
43%
Joshua Myrmidon
43%
Juno Falcon Knight
43%
Keaton Wolfskin
43%
Kellam Knight
43%
Kiragi Archer
43%
Kjelle Knight
43%
Klein Sniper
43%
Knoll Shaman
43%
Kyza Tiger
43%
Lachesis Princess
43%
Lara Thief
43%
L'Arachel Troubadour
43%
Larcei Myrmidon
43%
Leanne Heron
43%
Legion Berserker
43%
Lethe Cat
43%
Lianna Lord
43%
Libra War Monk
43%
Lindon Sage
43%
Lloyd Berserker
43%
Lowen Cavalier
43%
Luke Cavalier
43%
Lyre Cat
43%
Malice Myrmidon
43%
Maribelle Troubadour
43%
Marisa Myrmidon
43%
Merlinus Transporter
43%
Mia Myrmidon
43%
Mitama Shrine Maiden
43%
Monica Monk
43%
Mordecai Tiger
43%
Morgan Multiple Classes
43%
Moulder Priest
43%
Muarim Tiger
43%
Mycen Gold Knight
43%
Naesala Raven
43%
Nailah Wolf Queen
43%
Natasha Cleric
43%
Nephenee Soldier
43%
Nina Outlaw
43%
Noah Cavalier
43%
Oboro Spear Fighter
43%
Orochi Diviner
43%
Orson Paladin
43%
Oscar Lance Knight
43%
Fire Emblem: Thracia 776 Osian Axe Fighter
43%
Panette Berserker
43%
Priscilla Troubadour
43%
Rafiel Heron
43%
Raven Mercenary
43%
Rennac Rogue
43%
Reyson Heron
43%
Rhys Priest
43%
Rickard Thief
43%
Rinkah Oni Savage
43%
Rodrigue Holy Knight
43%
Roshea Cavalier
43%
Ross Journeyman
43%
Fire Emblem Warriors Rowan Lord
43%
Saleh Sage
43%
Sanaki Empress
43%
Saphir Warrior
43%
Say'ri Swordmaster
43%
Seadall Dancer
43%
Sedgar Horseman
43%
Setsuna Archer
43%
Severa Mercenary
43%
Shanna Pegasus Knight
43%
Shannan Swordmaster
43%
Sheena General
43%
Shinon Sniper
43%
Shiro Spear Fighter
43%
Siegbert Cavalier
43%
Sigrun Falcon Knight
43%
Sophia Shaman
43%
Sothis Gremory
43%
Stahl Cavalier
43%
Stefan Swordmaster
43%
Sully Cavalier
43%
Syrene Falcon Knight
43%
Tana Pegasus Knight
43%
Tanith Falcon Knight
43%
Tethys Dancer
43%
Thea Pegasus Knight
43%
Tibarn Hawk
43%
Tormod Mage
43%
Vaida Wyvern Rider
43%
Vander Paladin
43%
Vanessa Pegasus Knight
43%
Velouria Wolfskin
43%
Vika Raven
43%
Vyland Cavalier
43%
Walhart Conqueror
43%
Zelkov Thief
43%
Zelot Paladin
43%
Zihark Myrmidon
43%
Altena Dragon Knight
36%
Aran Soldier
36%
Ares Cavalier
36%
Arran Paladin
36%
Arval Multiple Classes
36%
Astolfo Thief
36%
Astram Hero
36%
Astrid Bow Knight
36%
Athena Myrmidon
36%
Aversa Dark Flier
36%
Bantu Manakete
36%
Barthe Knight
36%
Bastian Sage
36%
Beck Ballistician
36%
Brady Priest
36%
Brom Knight
36%
Bunet Great Knight
36%
Caineghis Lion King
36%
Candace Adventurer
36%
Clanne Mage
36%
Cormag Wyvern Rider
36%
Dagdar Warrior
36%
Daniela Strategist
36%
Dayan Nomad Trooper
36%
Devdan Halberdier
36%
Dew Thief
36%
Draug Knight
36%
Eda Dragon Rider
36%
Edward Myrmidon
36%
Elffin Bard
36%
Ena Red Dragon
36%
Forde Cavalier
36%
Framme Martial Monk
36%
Fire Emblem: Shadow Dragon Frey Cavalier
36%
Geese Pirate
36%
Geitz Warrior
36%
Giffca Lion
36%
Glen Wyvern Lord
36%
Gotoh Bishop
36%
Harken Hero
36%
Hayato Diviner
36%
Hayden Ranger
36%
Ismaire Swordmaster
36%
Jamke Archer
36%
Janaff Hawk
36%
Jean Martial Monk
36%
Jesse Mercenary
36%
Kagetsu Swordmaster
36%
Kieran Axe Knight
36%
Kyle Cavalier
36%
Lana Priest
36%
Lance Cavalier
36%
Larum Dancer
36%
Laura Priest
36%
Lene Dancer
36%
Leonardo Archer
36%
Llewelyn Berserker
36%
Lon'qu Myrmidon
36%
Lot Fighter
36%
Lute Mage
36%
Marcia Pegasus Knight
36%
Mareeta Myrmidon
36%
Mauvier Royal Knight
36%
Miranda Mage
36%
Nagi Manakete
36%
Nanna Troubadour
36%
Nealuchi Raven
36%
Niime Druid
36%
Noire Archer
36%
Nolan Fighter
36%
Nomah Sage
36%
Norne Archer
36%
Ogier Mercenary
36%
Oliver Saint
36%
Olivia Dancer
36%
Olwen Mage Knight
36%
Ophelia Dark Mage
36%
Pandreo High Priest
36%
Patty Thief
36%
Pelleas Dark Sage
36%
Priam Hero
36%
Ricken Mage
36%
Riev Bishop
36%
Roderick Cavalier
36%
Rosado Wyvern Knight
36%
Samson Hero
36%
Sara Sister
36%
Sephiran Chancellor
36%
Skrimir Lion
36%
Soleil Mercenary
36%
Sumia Pegasus Knight
36%
Tanya Bow Fighter
36%
Tauroneo General
36%
Timerra Sentinel
36%
Tine Mage
36%
Trec Cavalier
36%
Ulki Hawk
36%
Volke Thief
36%
Volug Wolf
36%
Wade Fighter
36%
Yen'fay Swordmaster
36%
Yoder Bishop
36%
Yukimura Mechanist
36%
Zelgius Black Knight
36%
Alec Cavalier
29%
Arlen Mage
29%
Beowolf Free Knight
29%
Caellach Hero
29%
Calill Sage
29%
Castor Hunter
29%
Chulainn Myrmidon
29%
Douglas General
29%
Edain Priest
29%
Emma Falcon Knight
29%
Eremiya Bishop
29%
Febail Bow Fighter
29%
Garret Berserker
29%
Gharnef Sorcerer
29%
Horace General
29%
Jake Ballistician
29%
Karin Pegasus Rider
29%
Kurthnaga Dragon Prince
29%
Largo Berserker
29%
Makalov Sword Knight
29%
Matthis Cavalier
29%
Midia Paladin
29%
Midir Arch Knight
29%
Naoise Cavalier
29%
Nasir White Dragon
29%
Nichol Malig Knight
29%
Randal Paladin
29%
Renning Gold Knight
29%
Safy Priest
29%
Saias High Priestess
29%
Salem Loptrian Mage
29%
Shade Saint
29%
Shannam Swordmaster
29%
Tina Priest
29%
Tomas Archer
29%
Wendell Bishop
29%
Xane Freelancer
29%
Yuzu Priestess
29%
Zeiss Wyvern Rider
29%
Asbel Mage
21%
Belf Cavalier
21%
Boah Bishop
21%
Caesar Mercenary
21%
Coirpre Priest
21%
Daichi Basara
21%
Daisy Thief
21%
Dalvin Myrmidon
21%
Diarmuid Free Knight
21%
Dice Fighter
21%
Dolph Knight
21%
Etzel Sorcerer
21%
Frost Bishop
21%
Gareth Red Dragon
21%
Hannibal General
21%
Hicks Axe Knight
21%
Laylea Dancer
21%
Lifis Thief
21%
Linoan Sister
21%
Macellan Knight
21%
Marisha Cleric
21%
Oifey Paladin
21%
Radd Mercenary
21%
Robert Arch Knight
21%
Roger Knight
21%
Ronan Bow Fighter
21%
Samuel Mercenary
21%
Shiva Myrmidon
21%
Xavier General
21%
Yuliya Cleric
21%
Alva Lance Knight
14%
Amalda Paladin
14%
Amid Wind Mage
14%
Asaello Bow Fighter
14%
Brighton Axe Knight
14%
Carrion Cavalier
14%
Conomor Paladin
14%
Creidne Myrmidon
14%
Dalsin Axe Armor
14%
Dean Dragon Knight
14%
Deimne Arch Knight
14%
Fergus Free Knight
14%
Funke Adventurer
14%
Gazak Fighter
14%
Glade Duke Knight
14%
Haitaka Spear Fighter
14%
Halvan Axe Fighter
14%
Hermina Pegasus Knight
14%
Homer Bard
14%
Ilios Mage Knight
14%
Iuchar Axe Knight
14%
Iucharba Axe Fighter
14%
Jeanne Troubadour
14%
Jubelo Mage
14%
Kumagera Oni Chieftain
14%
Lester Arch Knight
14%
Linda Thunder Mage
14%
Machyua Myrmidon
14%
Marty Brigand
14%
Misha Pegasus Knight
14%
Muirne Priest
14%
Perne Thief Fighter
14%
Ralf Hero
14%
Reiden Cavalier
14%
Roberto Horseman
14%
Ryan Archer
14%
Selphina Arch Knight
14%
Senno Apothecary
14%
Sleuf Priest
14%
Tarba Berserker
14%
Tristan Free Knight
14%
Troude Myrmidon
14%
Warren Hunter
14%
Ymir Warrior
14%
Zhara Mercenary
7%
No matching quizzes found
Score Distribution
Percent of People with Each Score
Percentile by Number Answered
Your Score History
You have not taken this quiz since the last reset